[Event "LTU-chT"]
[Site "Lithuania"]
[Date "2017.02.18"]
[Round "3.6"]
[White "Stremavicius, Pijus"]
[Black "Einikis, Vidmantas"]
[Result "1/2-1/2"]
[WhiteElo "1767"]
[BlackElo "2185"]
[PlyCount "71"]
[EventDate "2017.01.28"]
[EventType "team-swiss"]
[EventRounds "7"]
[EventCountry "LTU"]
[SourceTitle "CBM 176 Extra"]
[Source "ChessBase"]
[SourceDate "2017.03.02"]
[SourceVersion "1"]
[SourceVersionDate "2017.03.02"]
[SourceQuality "1"]
[WhiteTeam "Kaunas Margiris II"]
[BlackTeam "Siauliai Drakonas"]
[WhiteTeamCountry "LTU"]
[BlackTeamCountry "LTU"]

1. d4 Nf6 2. Nf3 d5 3. Bf4 c5 4. e3 e6 5. c3 Nc6 6. Nbd2 Be7 7. Bd3 Qb6 8. Rb1 a5 9. Ne5 a4 10. a3 Nxe5 11. Bxe5 Bd7 12. Qe2 Bc6 13. 0-0 0-0 14. Bg3 Ra5 15. f4 Bb5 16. Bh4 Qa6 17. Bxb5 Qxb5 18. Qxb5 Rxb5 19. Bxf6 Bxf6 20. Nf3 Rc8 21. Rf2 Be7 22. Rd1 b6 23. Re2 Kf8 24. Rdd2 h6 25. e4 dxe4 26. Rxe4 cxd4 27. Nxd4 Rd5 28. Kf2 Rcd8 29. Ke2 Bc5 30. Nf3 Rxd2+ 31. Nxd2 Ra8 32. Nf3 Ke7 33. f5 Kd6 34. fxe6 fxe6 35. Rg4 Ra7 36. Kd3 1/2-1/2

[Event "LTU-chT"]
[Site "Lithuania"]
[Date "2015.03.28"]
[Round "6.2"]
[White "Einikis, Vidmantas"]
[Black "Laurusas, Tomas"]
[Result "0-1"]
[WhiteElo "2209"]
[BlackElo "2418"]
[PlyCount "72"]
[EventDate "2015.01.24"]
[EventType "team-tourn"]
[EventRounds "7"]
[EventCountry "LTU"]
[SourceTitle "EXT 2016"]
[Source "ChessBase"]
[SourceDate "2015.10.08"]
[SourceVersion "1"]
[SourceVersionDate "2015.10.08"]
[SourceQuality "1"]
[WhiteTeam "Kaunas AG"]
[BlackTeam "Kaunas Margiris"]
[WhiteTeamCountry "LTU"]
[BlackTeamCountry "LTU"]

1. d4 d5 2. Nf3 Nf6 3. c4 c6 4. Nc3 dxc4 5. a4 Bf5 6. e3 e6 7. Bxc4 Bb4 8. 0-0 0-0 9. Qb3 Qe7 10. Nh4 Bg6 11. Nxg6 hxg6 12. a5 c5 13. d5 Bxc3 14. bxc3 exd5 15. Bxd5 Nxd5 16. Qxd5 Rd8 17. Qf3 Nc6 18. a6 Rac8 19. axb7 Qxb7 20. Ba3 Qb3 21. h3 Ne5 22. Qe4 Nd3 23. c4 Re8 24. Qh4 Rc6 25. Qg4 Rd8 26. Qg5 Rcc8 27. Qh4 a5 28. Rfd1 a4 29. Qe4 Qc2 30. f3 Qe2 31. f4 Qc2 32. Kh2 Qc3 33. Kg3 Re8 34. Rxd3 Qxa1 35. Qd5 Qe1+ 36. Kf3 Kh7 0-1

[Event "LTU-chT"]
[Site "Lithuania"]
[Date "2014.02.08"]
[Round "4.5"]
[White "Steponavicius, Stasys"]
[Black "Einikis, Vidmantas"]
[Result "0-1"]
[WhiteElo "2191"]
[BlackElo "2209"]
[PlyCount "170"]
[EventDate "2014.01.25"]
[EventType "team-swiss"]
[EventRounds "7"]
[EventCountry "LTU"]
[SourceTitle "CBM 158 Extra"]
[Source "ChessBase"]
[SourceDate "2014.02.28"]
[SourceVersion "1"]
[SourceVersionDate "2014.02.28"]
[SourceQuality "1"]
[WhiteTeam "Kaunas Margiris"]
[BlackTeam "Kaunas AG"]
[WhiteTeamCountry "LTU"]
[BlackTeamCountry "LTU"]

1. d4 d5 2. c4 e6 3. Nc3 c5 4. cxd5 exd5 5. Nf3 Nc6 6. e3 Nf6 7. Be2 c4 8. 0-0 Bb4 9. Bd2 0-0 10. Ne5 Bxc3 11. Nxc6 bxc6 12. Bxc3 Ne4 13. Bb4 Re8 14. b3 Qb6 15. Be1 cxb3 16. axb3 Rb8 17. Ra3 h6 18. Qa1 Re7 19. Ba5 Qb7 20. Rc1 Be6 21. Be1 Qd7 22. Qa2 Qb7 23. Qc2 Bd7 24. Bd3 Qb6 25. Qa2 Be6 26. Ra1 c5 27. Ra6 Qxb3 28. Rb1 Qxd3 29. Rxb8+ Kh7 30. Ra3 Qd1 31. Rb1 Qh5 32. Rxa7 Rxa7 33. Qxa7 Qg6 34. Qa2 c4 35. f3 Nd6 36. Rb6 Nc8 37. Rb8 Nd6 38. Bg3 Nf5 39. Bf2 Nd6 40. Rb6 Nc8 41. Rb8 c3 42. Rb3 Bh3 43. Bg3 Qd3 44. Rxc3 Qxc3 45. gxh3 Qxe3+ 46. Bf2 Qe6 47. Kg2 Nd6 48. Qc2+ Qg6+ 49. Qxg6+ Kxg6 50. f4 Ne4 51. Be1 Kf5 52. Kf3 Nd6 53. Bf2 Ne8 54. Be1 Nc7 55. Bd2 Ne6 56. Be3 g6 57. Bf2 Nxf4 58. Be3 g5 59. h4 f6 60. hxg5 fxg5 61. Bf2 h5 62. Bg3 Ng6 63. Bd6 g4+ 64. Ke3 Nh8 65. Bc7 Nf7 66. Bg3 Ng5 67. Bf4 Ne4 68. Bc7 h4 69. Ke2 h3 70. Kf1 Nf6 71. Kf2 Ne4+ 72. Kf1 Nf6 73. Kf2 Nh5 74. Be5 Ke4 75. Bh8 Nf4 76. Kg3 Kf5 77. Be5 Ne2+ 78. Kf2 Nc3 79. Bc7 Ne4+ 80. Kf1 Ng5 81. Kf2 Nf3 82. Ke3 Nh4 83. Bd8 g3 84. Bc7 g2 85. Kf2 Nf3 0-1

[Event "LTU-chT"]
[Site "Vilnius"]
[Date "2013.02.10"]
[Round "5.1"]
[White "Setkauskas, Vaidas"]
[Black "Einikis, Vidmantas"]
[Result "1-0"]
[WhiteElo "2216"]
[BlackElo "2217"]
[PlyCount "67"]
[EventDate "2013.01.19"]
[EventType "team-swiss"]
[EventRounds "7"]
[EventCountry "LTU"]
[SourceTitle "CBM 152 Extra"]
[Source "ChessBase"]
[SourceDate "2013.02.25"]
[SourceVersion "1"]
[SourceVersionDate "2013.02.25"]
[SourceQuality "1"]
[WhiteTeam "Vilnius MRU"]
[BlackTeam "Kaunas AG"]
[WhiteTeamCountry "LTU"]
[BlackTeamCountry "LTU"]

1. e4 c5 2. Nc3 d6 3. Nf3 Nf6 4. d4 cxd4 5. Nxd4 a6 6. Bg5 Nbd7 7. f4 Qc7 8. Qf3 h6 9. Bh4 e5 10. Nf5 exf4 11. Bxf6 Nxf6 12. Qxf4 Be6 13. 0-0-0 0-0-0 14. Nd4 Be7 15. Kb1 g5 16. Qf2 Ng4 17. Qg3 h5 18. Be2 Ne5 19. Nf5 h4 20. Qe3 Bf6 21. Nd5 Bxd5 22. Rxd5 Nc6 23. Rdd1 Kb8 24. Bc4 Rhe8 25. a3 Ne7 26. Qb3 d5 27. Bxa6 Nxf5 28. exf5 Rd6 29. Bb5 Re5 30. Rhe1 Rxf5 31. Re8+ Bd8 32. Qe3 f6 33. Rd4 Kc8 34. Qh3 1-0

[Event "LTU-chT"]
[Site "Lithuania"]
[Date "2012.02.11"]
[Round "3"]
[White "Arulis, Algimantas I"]
[Black "Einikis, Vidmantas"]
[Result "0-1"]
[WhiteElo "2137"]
[BlackElo "2212"]
[PlyCount "90"]
[EventDate "2012.01.21"]
[EventType "team-swiss"]
[EventRounds "7"]
[EventCountry "LTU"]
[SourceTitle "CBM 146 Extra"]
[Source "ChessBase"]
[SourceDate "2012.02.29"]
[SourceVersion "1"]
[SourceVersionDate "2012.02.29"]
[SourceQuality "1"]
[WhiteTeam "Marijampole Suduva"]
[BlackTeam "Kaunas AG"]
[WhiteTeamCountry "LTU"]
[BlackTeamCountry "LTU"]

1. c4 Nf6 2. g3 c5 3. Bg2 g6 4. Nc3 Bg7 5. e4 Nc6 6. d3 d6 7. Nge2 0-0 8. 0-0 Rb8 9. h3 a6 10. a4 Bd7 11. Be3 e5 12. Rb1 Ne8 13. Qd2 Nd4 14. b3 Bxh3 15. Nd5 Nxe2+ 16. Qxe2 Bxg2 17. Kxg2 Nc7 18. Nxc7 Qxc7 19. Rh1 b5 20. axb5 axb5 21. g4 bxc4 22. bxc4 Rxb1 23. Rxb1 f5 24. f3 Qe7 25. Rh1 fxg4 26. fxg4 Bf6 27. Qd2 Ra8 28. Rb1 Qd7 29. Kg3 Bd8 30. Rb5 h5 31. gxh5 gxh5 32. Kh2 Qg4 33. Qg2 Qxg2+ 34. Kxg2 Kf7 35. Rb3 Kg6 36. Kh3 Bg5 37. Bxg5 Kxg5 38. Rb6 Rd8 39. Rb7 Kf4 40. Rg7 Ra8 41. Rg6 Ra6 42. Kh4 Ke3 43. Rg3+ Kd4 44. Kg5 Ra3 45. Kf5 Rxd3 0-1

[Event "LTU-chT 1011"]
[Site "Lithuania"]
[Date "2011.02.26"]
[Round "8"]
[White "Vaitonis, Vytautas"]
[Black "Einikis, Vidmantas"]
[Result "1/2-1/2"]
[WhiteElo "2029"]
[BlackElo "2204"]
[PlyCount "25"]
[EventDate "2010.11.06"]
[EventType "team-tourn"]
[EventRounds "9"]
[EventCountry "LTU"]
[SourceTitle "EXT 2012"]
[Source "ChessBase"]
[SourceDate "2011.11.24"]
[SourceVersion "1"]
[SourceVersionDate "2011.11.24"]
[SourceQuality "1"]

1. d4 d5 2. Nf3 Nf6 3. c4 e6 4. Nc3 Be7 5. Bg5 0-0 6. e3 c5 7. cxd5 cxd4 8. Nxd4 Nxd5 9. Bxe7 Nxe7 10. Be2 Nbc6 11. Nxc6 Nxc6 12. Qxd8 Rxd8 13. Rd1 1/2-1/2

[Event "LTU-chT 1011"]
[Site "Lithuania"]
[Date "2010.11.21"]
[Round "2"]
[White "Zilinskas, Vaidotas"]
[Black "Einikis, Vidmantas"]
[Result "0-1"]
[WhiteElo "2141"]
[BlackElo "2204"]
[PlyCount "110"]
[EventDate "2010.11.06"]
[EventType "team-tourn"]
[EventRounds "9"]
[EventCountry "LTU"]
[SourceTitle "EXT 2012"]
[Source "ChessBase"]
[SourceDate "2011.11.24"]
[SourceVersion "1"]
[SourceVersionDate "2011.11.24"]
[SourceQuality "1"]

1. e4 c5 2. Nc3 Nc6 3. Bc4 e6 4. f4 a6 5. a4 Nge7 6. Nf3 d5 7. Ba2 dxe4 8. Nxe4 Nf5 9. c3 Be7 10. Bb1 h6 11. Qc2 b6 12. 0-0 Bb7 13. Re1 Rc8 14. Ng3 g6 15. Ne4 Qc7 16. d3 Nh4 17. Qf2 Nxf3+ 18. Qxf3 Na5 19. Ba2 c4 20. Qg3 Kf8 21. Be3 Bxe4 22. dxe4 Bc5 23. Rad1 Kg7 24. Bd4+ Bxd4+ 25. Rxd4 Rhd8 26. Qf2 Rxd4 27. Qxd4+ Kg8 28. f5 Qc5 29. Qxc5 Rxc5 30. fxe6 fxe6 31. Rd1 Kf7 32. Rd6 Nc6 33. Rd7+ Kf6 34. Kf2 Ne5 35. Rd2 Ra5 36. b3 Nd3+ 37. Ke3 cxb3 38. Bxb3 Nc5 39. Rb2 b5 40. axb5 Rxb5 41. Rf2+ Ke5 42. Bc4 Ra5 43. Re2 Ra3 44. Kd2 Nxe4+ 45. Ke3 Nxc3 46. Re1 Nd5+ 47. Kd2+ Kd4 48. Rxe6 Kxc4 49. Rxg6 Ra2+ 50. Kc1 a5 51. h4 h5 52. g4 hxg4 53. Rxg4+ Kb3 54. Rg5 Nc3 55. h5 Rc2# 0-1

[Event "LTU-chT1 4th 0809 pre group B"]
[Site "Lithuania"]
[Date "2008.11.08"]
[Round "1.3"]
[White "Einikis, Vidmantas"]
[Black "Svitojus, Zygimantas"]
[Result "1-0"]
[WhiteElo "2191"]
[BlackElo "1649"]
[PlyCount "51"]
[EventDate "2008.11.08"]
[EventType "team-tourn"]
[EventRounds "5"]
[EventCountry "LTU"]
[SourceTitle "EXT 2024"]
[Source "ChessBase"]
[SourceDate "2023.10.10"]
[SourceVersion "1"]
[SourceVersionDate "2023.10.10"]
[SourceQuality "1"]
[WhiteTeam "Kaunas Margiris II"]
[BlackTeam "Marijampole Suduva"]
[WhiteTeamCountry "LTU"]
[BlackTeamCountry "LTU"]

1. d4 Nf6 2. c4 e6 3. Nc3 b6 4. e4 Bb4 5. Qc2 Bb7 6. f3 c5 7. d5 Qc7 8. Nge2 0-0 9. Bf4 e5 10. Bg5 Ne8 11. Be7 Nd6 12. Bxf8 Kxf8 13. a3 Ba5 14. Kf2 Ba6 15. b3 b5 16. cxb5 Nxb5 17. Nxb5 Bxb5 18. Nc1 c4 19. Bxc4 Qc5+ 20. Kg3 Bxc4 21. Qxc4 Qe3 22. Nd3 Bb6 23. h3 f5 24. exf5 e4 25. Qxe4 Bc7+ 26. Nf4 1-0

[Event "LTU-chT2 0708"]
[Site "Lithuania"]
[Date "2007.10.14"]
[Round "2.32"]
[White "Zilinskas, Vaidotas"]
[Black "Einikis, Vidmantas"]
[Result "1-0"]
[WhiteElo "2150"]
[BlackElo "2226"]
[PlyCount "115"]
[EventDate "2007.09.27"]
[EventType "team-tourn"]
[EventRounds "9"]
[EventCountry "LTU"]
[SourceTitle "EXT 2022"]
[Source "ChessBase"]
[SourceDate "2021.10.06"]
[SourceVersion "1"]
[SourceVersionDate "2021.10.06"]
[SourceQuality "1"]

1. e4 c5 2. Nc3 Nc6 3. Bb5 g6 4. Bxc6 dxc6 5. d3 Bg7 6. Nge2 Nf6 7. Be3 b6 8. Qd2 Ng4 9. Bg5 h6 10. Bf4 e5 11. Bg3 h5 12. h3 Bh6 13. Qd1 h4 14. hxg4 hxg3 15. Nxg3 Qg5 16. f3 Be6 17. Qc1 0-0-0 18. Qxg5 Bxg5 19. Ke2 c4 20. Rxh8 Rxh8 21. Rh1 Rd8 22. Nf1 b5 23. b3 cxb3 24. axb3 a5 25. Ne3 Kb7 26. g3 Ra8 27. Rf1 a4 28. bxa4 b4 29. Ncd1 b3 30. cxb3 Bxb3 31. f4 Bf6 32. g5 Bg7 33. Nc3 Bxa4 34. fxe5 Bxe5 35. Rxf7+ Bc7 36. Nxa4 Rxa4 37. Nc4 Ra2+ 38. Kf3 Ra1 39. Rg7 Rd1 40. Ke2 Rg1 41. Rxg6 Rxg3 42. Rg7 c5 43. Ne3 Kc6 44. g6 Be5 45. Nf5 Rg4 46. Re7 Bd4 47. Nxd4+ cxd4 48. g7 Kd6 49. Kf3 Rg1 50. Ra7 Ke6 51. Ra4 Ke5 52. Ra5+ Ke6 53. Kf4 Rf1+ 54. Kg5 Rg1+ 55. Kh6 Rh1+ 56. Rh5 Rg1 57. Rg5 Rh1+ 58. Kg6 1-0